• 首页
  • 本馆介绍
  • 公告通知
  • 最新文献
  • 馆藏检索
  • 电子资源
  • 读者导购
  • 参考咨询
  • 我的图书馆
  • 登录
  • 详细信息显示
  • 放入我的书架
  • 预约/预借图书
  • 作者相关作品
  • 分类相关作品
  • 丛书相关作品
  • 出版社相关作品

书目信息

  • 表格格式
  • 工作单格式
  • 卡片格式
题名:
爱眉小札
    
 
作者: 徐志摩 , 陆小曼 著
分册:  
出版信息: 武汉   湖北人民出版社  2002
页数: 253页
开本: 19cm
丛书名: 红豆丛书
单 册:
中图分类: I266.5
科图分类:
主题词: CT--S068828--书信集 , CT--S000575--爱情 , 爱情--书信集--中国--现代
电子资源:
ISBN: 7-216-03492-9
000 00984oam2 2200277 450
001 002221974
005 20070730082050.93
010    @a7-216-03492-9@dCNY13.90
100    @a20030106d2002 em y0chiy0110 ea
101 0  @achi
102    @aCN@b420000
105    @aa z 000ed
200 1  @a爱眉小札@Aai mei xiao zha@f徐志摩,陆小曼著
210    @a武汉@c湖北人民出版社@d2002
215    @a253页@c照片@d19cm
225 2  @a红豆丛书
330    @a本书收著名诗人和艳极一时的名媛陆小曼的往来情笺,真实地记录了从舞池惊艳到坠入爱河,从冲破俗见到同筑香巢,之后裂痕滋生,天人相隔的缱绻之恋,除曾发表过的《爱眉小札》之外,还收有《眉轩琐语》、《小曼日记》、《志摩情笺》等有关文字。
461  0 @1001002298586@12001 @a红豆丛书
606 0  @2CT@3S068828@a书信集
606 0  @2CT@3S000575@a爱情
606 0  @a爱情@x书信集@y中国@z现代
690    @aI266.5@v4
701  0 @a徐志摩@Axu zhi mo@4著
701  0 @a陆小曼@Alu xiao man@4著
801  0 @aCN@bNLC@c20070730
905    @a10447@dI266.5@e1299
    
    爱眉小札/徐志摩,陆小曼著.-武汉:湖北人民出版社,2002
    253页:照片;19cm.-(红豆丛书)
    
    
    ISBN 7-216-03492-9:CNY13.90
    本书收著名诗人和艳极一时的名媛陆小曼的往来情笺,真实地记录了从舞池惊艳到坠入爱河,从冲破俗见到同筑香巢,之后裂痕滋生,天人相隔的缱绻之恋,除曾发表过的《爱眉小札》之外,还收有《眉轩琐语》、《小曼日记》、《志摩情笺》等有关文字。
●
相关链接 在E读中查询图书 在五车中查询图书 在当当中查询图书 在豆瓣中查询图书


正题名:爱眉小札     索取号:I266.5/1299         预约/预借

序号 登录号 条形码 馆藏地/架位号 状态 备注
1 0784200   207842003   第一样本阅览室/ [索取号:I266.5/1299] 在馆    
2 0784201   207842012   第二借阅区/ [索取号:I266.5/1299] 在馆    
3 0784202   207842021   第二借阅区/ [索取号:I266.5/1299] 在馆    
4 0784203   207842030   第二借阅区/ [索取号:I266.5/1299] 在馆    
5 0784204   207842049   第二借阅区/ [索取号:I266.5/1299] 在馆    
6 0784205   207842058   第二借阅区/ [索取号:I266.5/1299] 在馆    
7 0785012   207850128   第二借阅区/ [索取号:I266.5/1299] 在馆    
唐山师范学院图书馆 欢迎您!
大连网信软件有限公司© 版权所有